| 000 | 00478nam a22001697a 4500 | ||
|---|---|---|---|
| 005 | 20240820173620.0 | ||
| 008 | 240807b |||||||| |||| 00| 0 eng d | ||
| 020 | _a978-93-93885-78-4 | ||
| 041 | _aEnglish | ||
| 082 | _aPY 150 BHA DB1263 | ||
| 100 |
_aElakkuvana Bhaskara Raj _9106525 |
||
| 245 | _aTextbook of Behavioural Sciences (Psychology and Sociology) | ||
| 260 |
_aBangalore _bEMMESS Medical Publishers _c2024 |
||
| 300 | _a309p | ||
| 365 | _b395.00 | ||
| 942 | _cDB | ||
| 999 |
_c359268 _d359268 |
||